000
00304nam a2200133Ia 4500
005
20251222155111.0
008
251222s9999||||xx |||||||||||||| ||spa||
082
_a
PED. 02
100
_a
WHALEY D.I.
245
0
_a
EnfermerÃa Pediatrica
250
_a
2da. ed.
264
_b
Interamericana
942
_c
LIB
999
_c
38046
_d
38046